000
00204nam a22000857a 4500
008
170203b xxu||||| |||| 00| 0 eng d
100
_9
2749
_a
CBSE
245
_a
Entre Jeunes-2-X
260
_a
New Delhi
_b
CBSE
_c
2010
999
_c
5934
_d
5934